| 000 | 00775nam a22001697a 4500 | ||
|---|---|---|---|
| 999 |
_c61923 _d61923 |
||
| 003 | Ge_BSU | ||
| 005 | 20241105133952.0 | ||
| 008 | 240611s1987 ge ||||| |||| 00| 0 geo d | ||
| 041 | _ageo | ||
| 080 | _a614.253.52(075.8) დ-18 | ||
| 245 |
_aდამხმარე სახელმძღვანელო მედდების მოსამზადებლად : _b[სახელმძღვ. უმაღლ. სასწ. სტუდ.] / _c ა. გ. საფონოვის რედ.; |
||
| 264 |
_aთბ. : _b თბილ. უნ-ტის გამ-ბა, _c1987. |
||
| 300 |
_a381 გვ. ; _b22 სმ. |
||
| 653 | _aმედდების მომზადება | ||
| 653 | _aმედიცინა | ||
| 942 |
_2udc _cᲬᲘᲒᲜᲘ |
||